Otvorená metóda koordinácie v oblasti sociálnej ochrany a sociálneho začlenenia

Snaha Európskej únie modernizovať sociálny model založený na spoločných hodnotách spravodlivej a aktívnej účasti všetkých občanov na hospodárskom a sociálnom živote. Úloha národných štátov - podporovať sociálnu súdržnosť, rovnaké príležitosti a solidaritu medzi generáciami a zároveň lepšie reagovať...

Descrizione completa

Salvato in:
Dettagli Bibliografici
Autore principale: Ošková, Silvia, 1979-
Natura: Capitolo di libro
Lingua:slovacco
Soggetti:
Tags: Aggiungi Tag
Nessun Tag, puoi essere il primo ad aggiungerne!!

MARC

LEADER 00000nla$a2200000$$$4500
001 0066362
005 20240502071804.1
041 0 |a slo 
044 |a SK 
245 1 0 |a Otvorená metóda koordinácie v oblasti sociálnej ochrany a sociálneho začlenenia  |c Silvia Ošková 
520 |a Snaha Európskej únie modernizovať sociálny model založený na spoločných hodnotách spravodlivej a aktívnej účasti všetkých občanov na hospodárskom a sociálnom živote. Úloha národných štátov - podporovať sociálnu súdržnosť, rovnaké príležitosti a solidaritu medzi generáciami a zároveň lepšie reagovať na hospodárske a sociálne zmeny a podporovať rast a zamestnanosť. Otvorená metóda koordinácie v oblasti sociálnej ochrany a sociálneho začlenenia. Nové indikátory sociálnej ochrany a sociálnej inklúzie prijaté v roku 2006 Komisiou pre sociálnu ochranu. 
610 2 0 |a politika sociálna 
610 2 0 |a zamestnanosť 
610 2 0 |a vzdelanie 
610 2 0 |a práca 
610 2 0 |a rast hospodársky 
610 2 0 |a zdravie 
610 2 0 |a chudoba 
610 2 0 |a Európska únia 
100 1 |a Ošková, Silvia, 1979-